<?xml version="1.0" encoding="UTF-8"?>
<marc:record xmlns:marc="http://www.loc.gov/MARC21/slim">
   <marc:leader>00000nam a2200000 a 4500</marc:leader>
   <marc:datafield ind1="1" ind2=" " tag="100">
      <marc:subfield code="a">Riffel, Holger</marc:subfield>
      <marc:subfield code="4">aut</marc:subfield>
      <marc:subfield code="e">Verfasser/-in</marc:subfield>
   </marc:datafield>
   <marc:datafield ind1="0" ind2="0" tag="245">
      <marc:subfield code="a">Thomas und der Doppeldecker</marc:subfield>
   </marc:datafield>
   <marc:datafield ind1=" " ind2="1" tag="264">
      <marc:subfield code="b">Panini books</marc:subfield>
      <marc:subfield code="c">2009</marc:subfield>
   </marc:datafield>
   <marc:datafield ind1="1" ind2=" " tag="490">
      <marc:subfield code="a">Thomas, die Lokomotive</marc:subfield>
   </marc:datafield>
   <marc:datafield ind1="1" ind2=" " tag="520">
      <marc:subfield code="a">In den Ferien kommen viele Touristen nach Sodor, um sich die Insel anzuschauen. Die Lokomotiven arbeiten mit Volldampf, aber sie schaffen es kaum, alle Fahrgäste pünktlich und zuverlässig zu befördern. Als dann auch noch Thomas und Emily ausfallen, kommt Doppeldeckerbus Bulgy zum Einsatz. Ob das eine gute Idee ist?</marc:subfield>
   </marc:datafield>
   <marc:datafield ind1=" " ind2=" " tag="020">
      <marc:subfield code="a">9783833218163</marc:subfield>
      <marc:subfield code="9">9783833218163</marc:subfield>
   </marc:datafield>
</marc:record>
